000 00778nam a2200217 i 4500
001 77835
003 ES-MaACL
005 20230906173412.0
007 t|
008 041111s1932 sp ||||1| spa d
080 _a355.48(498)"1914/18"
100 1 _aVillegas Gardoqui, Manuel.
_9115219
245 1 3 _aLa guerra en Rumanía
_b: (operaciones de Transilvania, año 1916) /
_cpor... Manuel Villegas Gardoqui.
260 _aToledo :
_b[s.n.],
_c1932 (
_fRodríguez Impresor)
300 _a156 p., 7 map. pleg. ;
_c19 cm.
490 1 _aColección Bibliográfica Militar ;
_v47
650 1 4 _aGuerra mundial, 1914-1918-
_xCampañas-
_zRumanía.
_913215
830 0 _aColección Bibliográfica Militar ;
_v47
_9183564
852 _aES-MaACL
_jE-10323
_bR.133638
999 _c77835
_d77835